000 00484nam a2200193 a 4500
001 27129
005 20180713225800.0
008 140415s1993 mx 000 0 spa d
020 _a9701009606
041 _aspa
082 _a658
_bKIN
100 1 _aC. KINNEAR, THOMAS
245 1 0 _aINVESTIGACIÓN DE MERCADOS
250 _a4° EDICIÓN
260 _aMEXICO :
_bMC GRAW HILL,
_c1993
300 _a809
_c21 x 5 x 27
520 _aCG
650 1 4 _aADMINISTRACION
999 _c27129
_d27129